Score 0/16 Timer 05:00
14 Plays Today
% Correct
Łódź
85.5%
Lubelskie
76.6%
Pomorskie
75%
Śląskie
73.7%
Opolskie
73.6%
Małopolskie
68.4%
Lubuskie
63.7%
Wielkopolskie
61.5%
% Correct
Mazowieckie
57.7%
Podlaskie
55.7%
Dolnośląskie
54%
Zachodniopomorskie
51.3%
Podkarpackie
46.4%
Świętokrzyskie
40.5%
Kuyavia-Pomerania
39.6%
Warmińsko-Mazurskie
35.5%
Remove Ads.
Support Sporcle.
Get the best of Sporcle when you Go Orange. This ad-free experience offers more features, more stats, and more fun while also helping to support Sporcle. Thank you for becoming a member.

You're not logged in!

Compare scores with friends on all Sporcle quizzes.
OR
Log In

Show Comments

Extras

Top Quizzes Today


Score Distribution

Your Account Isn't Verified!

In order to create a playlist on Sporcle, you need to verify the email address you used during registration. Go to your Sporcle Settings to finish the process.

Report this User

Report this user for behavior that violates our Community Guidelines.

Details: